[Event "Northumberland-ch Gilroy"]
[Site "Northumberland"]
[Date "2019.02.02"]
[Round "4"]
[White "Richardson, Paul"]
[Black "Bayram, Asa"]
[Result "0-1"]
[WhiteElo "1617"]
[BlackElo "109"]
[PlyCount "46"]
[EventDate "2018.10.27"]
[EventType "swiss"]
[EventRounds "7"]
[EventCountry "ENG"]
[SourceTitle "EXT 2020"]
[Source "ChessBase"]
[SourceDate "2019.10.17"]
[SourceVersion "1"]
[SourceVersionDate "2019.10.17"]
[SourceQuality "1"]

1. d4 d5 2. Bf4 Bf5 3. e3 a6 4. Bd3 Bxd3 5. Qxd3 Nf6 6. Nd2 e6 7. Ngf3 c5 8. c3 cxd4 9. exd4 Nc6 10. Ne5 Be7 11. Ndf3 0-0 12. Nxc6 bxc6 13. Ne5 Qc8 14. h3 Bd6 15. Qg3 Nh5 16. Qe3 Nxf4 17. Qxf4 f6 18. Nxc6 Qxc6 19. Qe3 Qb5 20. Qxe6+ Kh8 21. Qxd6 Rfe8+ 22. Kd1 Qd3+ 23. Kc1 Re2 0-1

[Event "Northumberland-ch Gilroy"]
[Site "Northumberland"]
[Date "2018.10.27"]
[Round "1"]
[White "Stebbings, David"]
[Black "Bayram, Asa"]
[Result "1-0"]
[WhiteElo "139"]
[BlackElo "109"]
[PlyCount "94"]
[EventDate "2018.10.27"]
[EventType "swiss"]
[EventRounds "7"]
[EventCountry "ENG"]
[SourceTitle "EXT 2020"]
[Source "ChessBase"]
[SourceDate "2019.10.17"]
[SourceVersion "1"]
[SourceVersionDate "2019.10.17"]
[SourceQuality "1"]

1. Nf3 d5 2. g3 Nf6 3. Bg2 e6 4. 0-0 Be7 5. d3 b6 6. Nbd2 Bb7 7. Re1 Nbd7 8. e4 dxe4 9. dxe4 0-0 10. b3 Nc5 11. e5 Nd5 12. Bb2 a5 13. a3 c6 14. Nf1 Qd7 15. c4 Nc7 16. Qxd7 Nxd7 17. Nd4 Nb8 18. Rad1 Bc5 19. Re2 Ra7 20. Red2 b5 21. Nf3 Be7 22. Ne3 Nca6 23. cxb5 cxb5 24. Bd4 Ra8 25. Bb2 b4 26. a4 Nc5 27. Nd4 Bxg2 28. Kxg2 Nbd7 29. Nc4 Rac8 30. f4 Nb8 31. Kf3 Nxa4 32. Nxa5 Nxb2 33. Rxb2 Rc3+ 34. Ke4 Rfc8 35. Nc4 Rd8 36. Rdd2 Na6 37. f5 Bg5 38. fxe6 g6 39. exf7+ Kxf7 40. e6+ Ke7 41. Nc6+ Ke8 42. Rxd8+ Bxd8 43. Nd6+ Kf8 44. Rf2+ Kg7 45. Nxd8 Nc7 46. e7 Rxb3 47. Rf7+ Kh6 1-0